Porovnanie databázových systémov z hľadiska využitia v praxi : Diplomová práca

Gespeichert in:
Bibliographische Detailangaben
1. Verfasser: Zborovjanová, Janka (Verfasst von)
Weitere Verfasser: Pecko, Eduard (xxx)
Format: Manuskript Buch
Sprache:Slowakisch
Veröffentlicht: Trnava : STU v Bratislave MtF KAIS, 1992
Schlagworte:
Tags: Tag hinzufügen
Keine Tags, Fügen Sie das erste Tag hinzu!

MARC

LEADER 00000ntm a22000003a 4500
001 stu57560
005 20160719155131.0
008 010404s1992----cs------------------slo-d
040 |a STU  |b slo 
041 0 |a slo 
044 |a cs 
100 1 |a Zborovjanová, Janka  |4 aut 
245 1 |a Porovnanie databázových systémov z hľadiska využitia v praxi :  |b Diplomová práca 
260 |a Trnava :  |b STU v Bratislave MtF KAIS,  |c 1992 
300 |a 60 s 
650 7 |a systémy databázové  |2 stusub 
650 7 |a Automatizované systémy riadenia výrobných procesov v strojárstve  |2 stusub 
700 1 |a Pecko, Eduard  |4 xxx 
996 |b 284M024241  |c M*DP-1447  |l MMSKP  |s P  |a 0  |w stu57560_0001